[Event "24. Acropolis 2009"]
[Site "Chalkida GRE"]
[Date "2009.08.16"]
[Round "7.41"]
[White "Okara, Andrey"]
[Black "Foisor, Mihaela Veronica"]
[Result "1/2-1/2"]
[WhiteElo "2380"]
[BlackElo "2123"]
[PlyCount "112"]
[EventDate "2009.08.10"]
[EventType "swiss"]
[EventRounds "9"]
[EventCountry "GRE"]
[Source "lmi"]
[SourceDate "2009.08.10"]

1. d4 d5 2. c4 dxc4 3. Nf3 Nf6 4. e3 e6 5. Bxc4 c5 6. O-O a6 7. Bb3 b5 8. a4
Bb7 9. Qe2 Nbd7 10. Rd1 Bd6 11. Bc2 Qb8 12. axb5 axb5 13. Rxa8 Bxa8 14. dxc5
Bxc5 15. Nbd2 O-O 16. Nb3 Bd6 17. e4 Rc8 18. Bd3 Ne5 19. Nxe5 Bxe5 20. g3 Qb7
21. f3 h5 22. Be3 h4 23. Kg2 Qb8 24. Bf2 g6 25. Nc5 Bc6 26. g4 Kg7 27. h3 Bg3
28. Bg1 Ng8 29. b4 Ne7 30. Bc2 g5 31. Na6 Qb7 32. Nc5 Qb8 33. Bb3 Ng6 34. Kh1
Be5 35. Nd3 Rd8 36. Nxe5 Rxd1 37. Qxd1 Nxe5 38. Bh2 Qc7 39. Kg2 f6 40. Bxe6 Qe7
41. Qb3 Nd3 42. Qxd3 Qxe6 43. Qd2 Kg6 44. Bg1 Qe5 45. Bf2 Kg7 46. Qd4 Kg6 47.
Qc5 Bb7 48. Qf8 Bc6 49. Qg8+ Kh6 50. Kf1 Bd7 51. Qh8+ Kg6 52. Qg8+ Kh6 53. Qd5
Be6 54. Qxe5 fxe5 55. Be1 Kg6 56. Bc3 Kf6 1/2-1/2

[Event "24. Acropolis 2009"]
[Site "Chalkida GRE"]
[Date "2009.08.16"]
[Round "7.42"]
[White "Ikonomopoulou, Maria"]
[Black "Mamedjarova, Turkan"]
[Result "1-0"]
[WhiteElo "2052"]
[BlackElo "2260"]
[PlyCount "51"]
[EventDate "2009.08.10"]
[EventType "swiss"]
[EventRounds "9"]
[EventCountry "GRE"]
[Source "lmi"]
[SourceDate "2009.08.10"]

1. e4 e5 2. Nf3 Nf6 3. d4 Nxe4 4. Bd3 d5 5. Nxe5 Qh4 6. Qe2 Bd6 7. O-O O-O 8.
c4 c6 9. f4 Qe7 10. cxd5 cxd5 11. Nc3 Nxc3 12. bxc3 f5 13. Rb1 Nd7 14. Re1 Nf6
15. c4 Ne4 16. Bxe4 dxe4 17. Bb2 b6 18. Rec1 Bb7 19. c5 bxc5 20. Qc4+ Kh8 21.
dxc5 Bxe5 22. Bxe5 Rfd8 23. c6 Bc8 24. c7 Rg8 25. Rb5 Be6 26. Qc6 1-0

[Event "24. Acropolis 2009"]
[Site "Chalkida GRE"]
[Date "2009.08.16"]
[Round "7.44"]
[White "Rigopoulos-Tsigkos, Alexandros"]
[Black "Nikolaidis, Konstantinos"]
[Result "0-1"]
[WhiteElo "2017"]
[BlackElo "2270"]
[PlyCount "82"]
[EventDate "2009.08.10"]
[EventType "swiss"]
[EventRounds "9"]
[EventCountry "GRE"]
[Source "lmi"]
[SourceDate "2009.08.10"]

1. e4 c6 2. d4 d5 3. e5 c5 4. dxc5 e6 5. Be3 Nh6 6. c3 Nd7 7. Bb5 Nf5 8. Bd4 a6
9. Ba4 Be7 10. b4 O-O 11. Nf3 a5 12. Bxd7 Bxd7 13. a4 Nxd4 14. Nxd4 Qc7 15. f4
axb4 16. cxb4 b6 17. O-O bxc5 18. bxc5 Qxc5 19. Kh1 Qb4 20. Nc2 Qb2 21. Nba3
Bxa4 22. Qd3 Bxc2 23. Nxc2 Rxa1 24. Nxa1 Rc8 25. Qd1 Ba3 26. g3 h6 27. Qb1 Qe2
28. Qe1 Qd3 29. Qb1 Qe2 30. Qe1 Qxe1 31. Rxe1 g5 32. Nb3 Rc4 33. fxg5 hxg5 34.
Nd2 Bb4 35. Nxc4 Bxe1 36. Nb2 Bc3 37. Nd3 Kg7 38. g4 f6 39. exf6+ Kxf6 40. Kg2
e5 41. Kf2 e4 0-1

[Event "24. Acropolis 2009"]
[Site "Chalkida GRE"]
[Date "2009.08.16"]
[Round "7.45"]
[White "Sanchez Castillo, Sarai"]
[Black "Kordis, Konstantinos"]
[Result "1-0"]
[WhiteElo "2202"]
[BlackElo "2221"]
[PlyCount "105"]
[EventDate "2009.08.10"]
[EventType "swiss"]
[EventRounds "9"]
[EventCountry "GRE"]
[Source "lmi"]
[SourceDate "2009.08.10"]

1. e4 c5 2. Nf3 d6 3. Nc3 Nf6 4. e5 dxe5 5. Nxe5 Nbd7 6. Nc4 g6 7. Qe2 Bg7 8.
Nd6+ Kf8 9. Nxc8 Qxc8 10. d3 Qc6 11. Rg1 Nd5 12. Nxd5 Qxd5 13. g3 Ne5 14. Bg2
Qd7 15. Bd2 Nc6 16. Bxc6 Qxc6 17. O-O-O Qb6 18. Bc3 Bxc3 19. bxc3 Qf6 20. Rge1
e6 21. Kb2 Kg7 22. f4 Rhd8 23. Qe5 Rd5 24. Qc7 Qd8 25. Qxd8 Raxd8 26. Re5 Kf6
27. Rde1 b5 28. Rxd5 Rxd5 29. a4 b4 30. cxb4 cxb4 31. Kb3 Rc5 32. Re4 a5 33.
Rc4 Rd5 34. Rc7 g5 35. fxg5+ Rxg5 36. Kc4 Rf5 37. Rc5 Rf2 38. Kb5 Rxh2 39. Kxa5
Rg2 40. Kb6 Rxg3 41. a5 e5 42. a6 Rg8 43. Kb7 h5 44. a7 Re8 45. Rc8 Re7+ 46.
Rc7 Re8 47. Rc4 Kg5 48. Rc8 Re7+ 49. Rc7 Re8 50. Rxf7 Kg6 51. Rc7 h4 52. Rc4
Re7+ 53. Kb8 1-0

[Event "24. Acropolis 2009"]
[Site "Chalkida GRE"]
[Date "2009.08.16"]
[Round "7.46"]
[White "Yildiz, Betul Cemre"]
[Black "Iordanidou, Zoi"]
[Result "1-0"]
[WhiteElo "2217"]
[BlackElo "2114"]
[PlyCount "81"]
[EventDate "2009.08.10"]
[EventType "swiss"]
[EventRounds "9"]
[EventCountry "GRE"]
[Source "lmi"]
[SourceDate "2009.08.10"]

1. e4 d5 2. exd5 Qxd5 3. Nc3 Qa5 4. d4 Nf6 5. Nf3 Bf5 6. Bc4 e6 7. Bd2 c6 8.
Nd5 Qd8 9. Nxf6+ Qxf6 10. Qe2 Qe7 11. Bf4 Nd7 12. O-O-O Nb6 13. Bb3 Nd5 14.
Bxd5 cxd5 15. Ne5 a6 16. g4 Bg6 17. h4 f6 18. Nxg6 hxg6 19. Rde1 Kd7 20. Rh3
Rc8 21. Rb3 Kd8 22. Rb6 Qd7 23. Rxe6 Bb4 24. c3 Rc6 25. Rxc6 Qxc6 26. Kb1 Bd6
27. Bxd6 Qxd6 28. a3 Qd7 29. h5 gxh5 30. gxh5 Qf7 31. Rh1 g6 32. h6 g5 33. Ka2
Qe8 34. Qf3 Qe6 35. h7 b5 36. Qh5 Qe8 37. Qh2 Kd7 38. f4 g4 39. Qh6 Qe7 40. Qg6
g3 41. Qg8 1-0

[Event "24. Acropolis 2009"]
[Site "Chalkida GRE"]
[Date "2009.08.16"]
[Round "7.47"]
[White "Makka, Ioulia"]
[Black "Efthimiadis, Ilias"]
[Result "0-1"]
[WhiteElo "2212"]
[BlackElo "1988"]
[PlyCount "94"]
[EventDate "2009.08.10"]
[EventType "swiss"]
[EventRounds "9"]
[EventCountry "GRE"]
[Source "lmi"]
[SourceDate "2009.08.10"]

1. e4 c5 2. Nf3 d6 3. d4 cxd4 4. Nxd4 Nf6 5. Nc3 a6 6. Be3 e5 7. Nf3 Be7 8. Bc4
h6 9. O-O O-O 10. Nd5 Nxd5 11. Bxd5 Nd7 12. Bb3 Nf6 13. Qd3 b5 14. Nd2 Bb7 15.
c4 bxc4 16. Bxc4 d5 17. exd5 Nxd5 18. Rfd1 Nxe3 19. Qxe3 Bg5 20. Qe2 Bxd2 21.
Rxd2 Qg5 22. Bd5 Rad8 23. h4 Qe7 24. Rad1 Rxd5 25. Rxd5 Bxd5 26. Rxd5 Qxh4 27.
Qxa6 Qf4 28. Qc6 Qe4 29. a4 Qe1+ 30. Kh2 Qxf2 31. a5 e4 32. a6 e3 33. Qc3 Qh4+
34. Kg1 Re8 35. Rd1 Qf2+ 36. Kh2 e2 37. Re1 Re4 38. Qc8+ Kh7 39. a7 Rh4+ 40.
Qh3 Rxh3+ 41. Kxh3 Qxe1 42. a8=Q Qh1+ 43. Kg4 f5+ 44. Kxf5 Qf1+ 45. Kg4 h5+ 46.
Kg5 Qf6+ 47. Kxh5 Qg6+ 0-1

[Event "24. Acropolis 2009"]
[Site "Chalkida GRE"]
[Date "2009.08.16"]
[Round "7.48"]
[White "Vospernik, Andrej"]
[Black "Grapsa, Georgia"]
[Result "1-0"]
[WhiteElo "2170"]
[BlackElo "2083"]
[PlyCount "81"]
[EventDate "2009.08.10"]
[EventType "swiss"]
[EventRounds "9"]
[EventCountry "GRE"]
[Source "lmi"]
[SourceDate "2009.08.10"]

1. e4 c5 2. d4 cxd4 3. Nf3 a6 4. Nxd4 d6 5. c4 Nf6 6. Nc3 e6 7. Be2 Be7 8. O-O
O-O 9. Be3 Nc6 10. f4 Qc7 11. Nf3 Ng4 12. Qd2 Nxe3 13. Qxe3 Nb4 14. Qd2 Qc5+
15. Kh1 Nc6 16. Rac1 Bf6 17. Nd5 exd5 18. cxd5 Qb6 19. dxc6 bxc6 20. Qxd6 Qxb2
21. e5 Bg4 22. Qd3 Be7 23. Rxc6 Qxa2 24. Rxa6 Rxa6 25. Qxa6 Qxa6 26. Bxa6 Ra8
27. Bb7 Rb8 28. Bc6 Bc5 29. Ng5 Be3 30. Bd5 Bh5 31. g4 Bxg4 32. Bxf7+ Kf8 33.
Be6 Be2 34. Re1 Rb2 35. Bd5 h6 36. Ne6+ Ke7 37. Nxg7 Bxf4 38. Nf5+ Kf8 39. Nd4
Bxh2 40. e6 Bh5 41. Nf5 1-0

[Event "24. Acropolis 2009"]
[Site "Chalkida GRE"]
[Date "2009.08.17"]
[Round "8.1"]
[White "Predojevic, Borki"]
[Black "Papaioannou, Ioannis"]
[Result "1/2-1/2"]
[WhiteElo "2644"]
[BlackElo "2624"]
[PlyCount "23"]
[EventDate "2009.08.10"]
[EventType "swiss"]
[EventRounds "9"]
[EventCountry "GRE"]
[Source "lmi"]
[SourceDate "2009.08.10"]

1. e4 c5 2. Nf3 d6 3. d4 cxd4 4. Qxd4 a6 5. c4 Nc6 6. Qe3 Bg4 7. Be2 g6 8. O-O
Bg7 9. Nbd2 Nf6 10. h3 Bd7 11. Rd1 O-O 12. Rb1 1/2-1/2

[Event "24. Acropolis 2009"]
[Site "Chalkida GRE"]
[Date "2009.08.17"]
[Round "8.2"]
[White "David, Alberto"]
[Black "Azarov, Sergei"]
[Result "1/2-1/2"]
[WhiteElo "2565"]
[BlackElo "2630"]
[PlyCount "71"]
[EventDate "2009.08.10"]
[EventType "swiss"]
[EventRounds "9"]
[EventCountry "GRE"]
[Source "lmi"]
[SourceDate "2009.08.10"]

1. d4 Nf6 2. c4 e6 3. Nc3 Bb4 4. Qc2 Nc6 5. Nf3 d6 6. Bd2 O-O 7. a3 Bxc3 8.
Bxc3 Qe7 9. e3 e5 10. d5 Nb8 11. Be2 a5 12. b4 axb4 13. axb4 Rxa1+ 14. Bxa1 b5
15. O-O Nbd7 16. Nd2 bxc4 17. e4 Nb6 18. Nxc4 Nxc4 19. Qxc4 Ne8 20. f4 exf4 21.
Rxf4 f5 22. b5 fxe4 23. Qxe4 Qg5 24. Rxf8+ Kxf8 25. Bd4 Qf5 26. Qxf5+ Bxf5 27.
b6 cxb6 28. Bxb6 Be4 29. Bc4 Nf6 30. Bd4 Kf7 31. Bb2 g5 32. Ba3 Ke7 33. Bc1 h6
34. h4 Bxd5 35. hxg5 Bxc4 36. gxf6+ 1/2-1/2

[Event "24. Acropolis 2009"]
[Site "Chalkida GRE"]
[Date "2009.08.17"]
[Round "8.3"]
[White "Belov, Vladimir"]
[Black "Gupta, Abhijeet"]
[Result "1/2-1/2"]
[WhiteElo "2627"]
[BlackElo "2565"]
[PlyCount "49"]
[EventDate "2009.08.10"]
[EventType "swiss"]
[EventRounds "9"]
[EventCountry "GRE"]
[Source "lmi"]
[SourceDate "2009.08.10"]

1. e4 e5 2. Nf3 Nc6 3. Bb5 a6 4. Ba4 Nf6 5. O-O Bc5 6. c3 b5 7. Bb3 d6 8. d4
Bb6 9. Be3 Bg4 10. Nbd2 O-O 11. h3 Bh5 12. Bg5 Na5 13. g4 Nxb3 14. axb3 Bg6 15.
dxe5 dxe5 16. Nxe5 h6 17. Bxf6 Qxf6 18. Nd7 Qf4 19. Nxb6 cxb6 20. Qe2 Rfe8 21.
Qe3 Qxe3 22. fxe3 Bxe4 23. Nxe4 Rxe4 24. Kf2 b4 25. Rfd1 1/2-1/2

[Event "24. Acropolis 2009"]
[Site "Chalkida GRE"]
[Date "2009.08.17"]
[Round "8.4"]
[White "Tukhaev, Adam"]
[Black "Banikas, Hristos"]
[Result "0-1"]
[WhiteElo "2534"]
[BlackElo "2598"]
[PlyCount "94"]
[EventDate "2009.08.10"]
[EventType "swiss"]
[EventRounds "9"]
[EventCountry "GRE"]
[Source "lmi"]
[SourceDate "2009.08.10"]

1. e4 c5 2. Nf3 d6 3. d4 cxd4 4. Nxd4 Nf6 5. Nc3 a6 6. Bg5 e6 7. f4 Be7 8. Qf3
Qc7 9. O-O-O Nbd7 10. Bd3 h6 11. Qh3 Nc5 12. Rhe1 Rg8 13. e5 hxg5 14. exf6 Bxf6
15. Nd5 Qd8 16. Nf5 Kf8 17. Nxf6 Qxf6 18. Nxd6 Qxf4+ 19. Kb1 Qxd6 20. Bg6 e5
21. Qh7 Qf6 22. Bxf7 Kxf7 23. Rf1 Be6 24. Rxf6+ Kxf6 25. Rf1+ Ke7 26. Qg6 Rae8
27. Rd1 Nd7 28. Qxg5+ Nf6 29. Qxe5 Kf7 30. Qf4 Rc8 31. b3 Rc5 32. c4 Rgc8 33.
h3 b5 34. cxb5 axb5 35. Rd2 Kg8 36. Kb2 Bf7 37. g4 Nd5 38. Qg5 b4 39. h4 Ra8
40. Qf5 Rca5 41. Kc1 Nc3 42. Qf4 Nxa2+ 43. Kd1 Nc3+ 44. Ke1 Re8+ 45. Kf1 Ra1+
46. Kg2 Bd5+ 47. Kh3 Rf8 0-1

[Event "24. Acropolis 2009"]
[Site "Chalkida GRE"]
[Date "2009.08.17"]
[Round "8.6"]
[White "Kolev, Atanas"]
[Black "Mastrovasilis, Athanasios"]
[Result "1-0"]
[WhiteElo "2569"]
[BlackElo "2503"]
[PlyCount "107"]
[EventDate "2009.08.10"]
[EventType "swiss"]
[EventRounds "9"]
[EventCountry "GRE"]
[Source "lmi"]
[SourceDate "2009.08.10"]

1. e4 e5 2. Nf3 Nc6 3. d4 exd4 4. Nxd4 Bc5 5. Be3 Bb6 6. Nf5 Bxe3 7. Nxe3 Nge7
8. Nc3 d6 9. Qd2 O-O 10. g4 Ne5 11. Be2 b5 12. a3 N7g6 13. Nf5 Rb8 14. O-O-O a5
15. f4 b4 16. Nb1 Nc6 17. Rhf1 Qf6 18. c3 Qe6 19. Qd5 Qxd5 20. exd5 Nce7 21.
Nxe7+ Nxe7 22. f5 Bd7 23. Rf4 Rb6 24. cxb4 Rfb8 25. Rdd4 axb4 26. axb4 g5 27.
Rfe4 Kf8 28. Nc3 Ng8 29. b5 Nf6 30. Re3 Ra8 31. Kc2 Rb7 32. b3 Ra1 33. Kb2 Rh1
34. h3 Re1 35. Rf3 Ra7 36. Rf1 Rxf1 37. Bxf1 h5 38. Be2 hxg4 39. hxg4 Ke7 40.
Ra4 Rb7 41. Ra8 Rb6 42. Ka3 Be8 43. Kb4 Nd7 44. Ka5 Rb7 45. Na4 f6 46. Ka6 Nc5+
47. Nxc5 Rb6+ 48. Ka5 dxc5 49. Ra7 Kd7 50. Ra6 Rd6 51. Bc4 Bf7 52. Ra7 Bxd5 53.
b6 Bf3 54. Be6+ 1-0

[Event "24. Acropolis 2009"]
[Site "Chalkida GRE"]
[Date "2009.08.17"]
[Round "8.7"]
[White "Halkias, Stelios"]
[Black "Koneru, Humpy"]
[Result "1/2-1/2"]
[WhiteElo "2564"]
[BlackElo "2623"]
[PlyCount "51"]
[EventDate "2009.08.10"]
[EventType "swiss"]
[EventRounds "9"]
[EventCountry "GRE"]
[Source "lmi"]
[SourceDate "2009.08.10"]

1. d4 d6 2. Nf3 g6 3. c4 Bg7 4. Nc3 Nf6 5. e4 O-O 6. Be2 Nbd7 7. O-O e5 8. Be3
Re8 9. d5 Nh5 10. g3 Bf8 11. Ng5 Ng7 12. f4 exf4 13. Bxf4 f6 14. Nf3 Nc5 15.
Qc2 Bh3 16. Rf2 Nd7 17. Kh1 Ne5 18. Nxe5 fxe5 19. Be3 Be7 20. Bf1 Bd7 21. Bg2
Bg5 22. Qd2 Bxe3 23. Qxe3 Rf8 24. c5 Rxf2 25. Qxf2 Qf8 26. Qxf8+ 1/2-1/2

[Event "24. Acropolis 2009"]
[Site "Chalkida GRE"]
[Date "2009.08.17"]
[Round "8.8"]
[White "Mamedov, Nidjat"]
[Black "Kapnisis, Spyridon"]
[Result "1-0"]
[WhiteElo "2614"]
[BlackElo "2464"]
[PlyCount "107"]
[EventDate "2009.08.10"]
[EventType "swiss"]
[EventRounds "9"]
[EventCountry "GRE"]
[Source "lmi"]
[SourceDate "2009.08.10"]

1. e4 e5 2. Nf3 Nc6 3. Bb5 a6 4. Ba4 Nf6 5. O-O Be7 6. Re1 d6 7. c3 Bg4 8. d3
Nd7 9. h3 Bh5 10. Be3 h6 11. Nbd2 Bg5 12. Nf1 Bxe3 13. fxe3 Bg6 14. Ng3 Nc5 15.
Bc2 Ne6 16. d4 Ng5 17. Nh2 Nh7 18. Qd2 O-O 19. Rf1 Qh4 20. Nf5 Bxf5 21. exf5
exd4 22. exd4 Rfe8 23. Nf3 Qg3 24. Qf2 Qxf2+ 25. Kxf2 Re7 26. Rfe1 Rae8 27.
Rxe7 Rxe7 28. Nd2 Nf6 29. g4 Nb8 30. Rg1 Nbd7 31. Bd1 Nd5 32. Rg3 b5 33. h4 Re8
34. g5 hxg5 35. hxg5 N7b6 36. Bb3 a5 37. a3 c5 38. c4 bxc4 39. Nxc4 Nxc4 40.
Bxc4 Nb6 41. Bb5 Re4 42. dxc5 dxc5 43. Rd3 Re5 44. Rd8+ Kh7 45. Bd3 c4 46. Bc2
Rb5 47. Kf3 Rxb2 48. Be4 g6 49. fxg6+ fxg6 50. Rd6 Rb5 51. Rxg6 Kh8 52. Rc6 Nd7
53. Rc8+ Kg7 54. Rc7 1-0

[Event "24. Acropolis 2009"]
[Site "Chalkida GRE"]
[Date "2009.08.17"]
[Round "8.10"]
[White "Rozentalis, Eduardas"]
[Black "Reshetnikov, Alexey"]
[Result "1-0"]
[WhiteElo "2588"]
[BlackElo "2413"]
[PlyCount "41"]
[EventDate "2009.08.10"]
[EventType "swiss"]
[EventRounds "9"]
[EventCountry "GRE"]
[Source "lmi"]
[SourceDate "2009.08.10"]

1. e4 c5 2. Nf3 e6 3. g3 a6 4. Bg2 b5 5. d4 cxd4 6. Nxd4 Bb7 7. O-O Nf6 8. Re1
Qc7 9. Nc3 d6 10. Bg5 Nbd7 11. Nd5 Nxd5 12. exd5 e5 13. Qg4 h6 14. Ne6 Qc8 15.
Bd2 Rg8 16. Nxf8 Kxf8 17. Bb4 Nc5 18. Qh4 f5 19. Qh5 Ke7 20. Qg6 Qe8 21. Qxf5
1-0

[Event "24. Acropolis 2009"]
[Site "Chalkida GRE"]
[Date "2009.08.17"]
[Round "8.13"]
[White "Georgiadis, Ioannis"]
[Black "Svetushkin, Dmitry"]
[Result "1/2-1/2"]
[WhiteElo "2438"]
[BlackElo "2607"]
[PlyCount "131"]
[EventDate "2009.08.10"]
[EventType "swiss"]
[EventRounds "9"]
[EventCountry "GRE"]
[Source "lmi"]
[SourceDate "2009.08.10"]

1. e4 e5 2. Nf3 Nc6 3. Bb5 a6 4. Ba4 Nf6 5. d3 Bc5 6. Bxc6 dxc6 7. Qe2 Qd6 8.
Be3 Bg4 9. Nbd2 Bxf3 10. Nxf3 Bxe3 11. fxe3 Qb4+ 12. c3 Qe7 13. O-O O-O 14.
Rae1 Rad8 15. d4 Nxe4 16. Nxe5 f6 17. Qc2 Nd6 18. Nf3 Qe4 19. Qb3+ Kh8 20. c4
c5 21. Nd2 Qc6 22. d5 Qd7 23. e4 Rfe8 24. Nf3 Nxe4 25. Qxb7 Qd6 26. Qb3 Re7 27.
Qd3 Rde8 28. Nd2 Nxd2 29. Qxd2 Kg8 30. a3 Re5 31. Rxe5 Qxe5 32. b4 Qe7 33. Rd1
Kf7 34. g3 h5 35. Kf2 h4 36. d6 cxd6 37. gxh4 cxb4 38. axb4 Qe5 39. Qd5+ Kg6
40. Rg1+ Kh6 41. Qxe5 dxe5 42. Ke3 f5 43. Ra1 Re6 44. c5 Kh5 45. Rd1 Kg6 46.
h5+ Kf6 47. Rd8 e4 48. h4 Ke5 49. Rf8 Re7 50. c6 Rc7 51. Re8+ Kd6 52. Rf8 Ke5
53. Re8+ Kd5 54. Rf8 Rxc6 55. Rxf5+ Kc4 56. Kxe4 Kxb4 57. Kf4 Rc5 58. Rg5 Rc4+
59. Kf5 Rc7 60. Rg6 a5 61. h6 Rc5+ 62. Kg4 gxh6 63. Rxh6 a4 64. Ra6 a3 65. h5
Ra5 66. Rb6+ 1/2-1/2

[Event "24. Acropolis 2009"]
[Site "Chalkida GRE"]
[Date "2009.08.17"]
[Round "8.14"]
[White "Muzychuk, Anna"]
[Black "Yilmaz, Mustafa Enes"]
[Result "1/2-1/2"]
[WhiteElo "2542"]
[BlackElo "2432"]
[PlyCount "71"]
[EventDate "2009.08.10"]
[EventType "swiss"]
[EventRounds "9"]
[EventCountry "GRE"]
[Source "lmi"]
[SourceDate "2009.08.10"]

1. e4 c5 2. Nf3 d6 3. d4 cxd4 4. Nxd4 Nf6 5. Nc3 a6 6. Be3 e5 7. Nde2 Nbd7 8.
Ng3 g6 9. Bc4 h5 10. f3 Qc7 11. Bb3 Be7 12. O-O Nb6 13. Na4 Nxa4 14. Bxa4+ b5
15. Bb3 Be6 16. Bxe6 fxe6 17. c3 O-O 18. Kh1 Qc4 19. Bg5 a5 20. Qd2 a4 21. a3
Rad8 22. Rad1 Rf7 23. Rfe1 Kg7 24. Nf1 Qc5 25. Qe3 Rc8 26. Qxc5 Rxc5 27. Re2
Ne8 28. Bxe7 Rxe7 29. Ne3 Rd7 30. g3 Kf7 31. f4 exf4 32. gxf4 Nf6 33. Nc2 e5
34. Rf1 exf4 35. Rxf4 Kg7 36. Nd4 1/2-1/2

[Event "24. Acropolis 2009"]
[Site "Chalkida GRE"]
[Date "2009.08.17"]
[Round "8.15"]
[White "Aroshidze, Levan"]
[Black "Foisor, Cristina Adela B"]
[Result "1/2-1/2"]
[WhiteElo "2537"]
[BlackElo "2424"]
[PlyCount "80"]
[EventDate "2009.08.10"]
[EventType "swiss"]
[EventRounds "9"]
[EventCountry "GRE"]
[Source "lmi"]
[SourceDate "2009.08.10"]

1. e4 e5 2. Nf3 Nc6 3. Bb5 Nf6 4. O-O Nxe4 5. d4 Nd6 6. Bxc6 dxc6 7. dxe5 Nf5
8. Qxd8+ Kxd8 9. Nc3 Be7 10. Rd1+ Ke8 11. Bg5 h6 12. Bxe7 Nxe7 13. Nd4 Nf5 14.
Nde2 Be6 15. h3 g5 16. Ne4 Ke7 17. Rd2 Rad8 18. Rad1 Rd5 19. Rxd5 cxd5 20. Nf6
c6 21. Rd3 Bc8 22. f4 gxf4 23. Nxf4 Rd8 24. g4 Nh4 25. N6h5 d4 26. b4 b6 27.
Ng3 Ng6 28. Nxg6+ fxg6 29. Ne2 Ba6 30. Nxd4 Bxd3 31. Nxc6+ Kd7 32. Nxd8 Bxc2
33. Nf7 Bb1 34. Nxh6 Ke6 35. a3 Kxe5 36. Nf7+ Kd4 37. Kf2 Kc4 38. Ke3 a5 39.
bxa5 bxa5 40. Nd6+ Kb3 1/2-1/2

[Event "24. Acropolis 2009"]
[Site "Chalkida GRE"]
[Date "2009.08.17"]
[Round "8.16"]
[White "Ris, Robert"]
[Black "Dzagnidze, Nana"]
[Result "1/2-1/2"]
[WhiteElo "2421"]
[BlackElo "2536"]
[PlyCount "50"]
[EventDate "2009.08.10"]
[EventType "swiss"]
[EventRounds "9"]
[EventCountry "GRE"]
[Source "lmi"]
[SourceDate "2009.08.10"]

1. d4 Nf6 2. c4 e6 3. Nf3 Bb4+ 4. Nbd2 d5 5. Qa4+ Nc6 6. a3 Bxd2+ 7. Bxd2 Ne4
8. Rd1 O-O 9. e3 Nb8 10. Qc2 b6 11. Bd3 Bb7 12. O-O Nd7 13. Bb4 Re8 14. Nd2 a5
15. Bc3 Ndf6 16. Nxe4 Nxe4 17. f3 Nxc3 18. Qxc3 Qg5 19. e4 dxe4 20. Bxe4 Rab8
21. Rfe1 Bxe4 22. fxe4 Rbd8 23. Rd3 Rd7 24. b4 axb4 25. axb4 Qe7 1/2-1/2

[Event "24. Acropolis 2009"]
[Site "Chalkida GRE"]
[Date "2009.08.17"]
[Round "8.17"]
[White "Nikolaidis, Ioannis"]
[Black "Zawadzka, Jolanta"]
[Result "1-0"]
[WhiteElo "2529"]
[BlackElo "2387"]
[PlyCount "91"]
[EventDate "2009.08.10"]
[EventType "swiss"]
[EventRounds "9"]
[EventCountry "GRE"]
[Source "lmi"]
[SourceDate "2009.08.10"]

1. d4 d5 2. c4 e6 3. Nf3 c6 4. Qc2 dxc4 5. Qxc4 b5 6. Qc2 Bb7 7. e4 Nd7 8. Bd3
a6 9. O-O c5 10. a4 c4 11. Be2 Ngf6 12. Nfd2 Qb6 13. axb5 axb5 14. Rxa8+ Bxa8
15. b3 Be7 16. bxc4 bxc4 17. e5 Nd5 18. Nxc4 Qc6 19. Bf3 N7b6 20. Nba3 O-O 21.
Ne3 Qd7 22. Nac4 Nxc4 23. Qxc4 Nb6 24. Qd3 Bxf3 25. gxf3 Rd8 26. Rd1 Nd5 27.
Nxd5 Qxd5 28. Kg2 Bb4 29. Qe4 h6 30. Be3 Bc3 31. h3 Bb4 32. Qg4 Kh7 33. Kh2 Bf8
34. h4 g6 35. h5 Bg7 36. hxg6+ fxg6 37. Rg1 g5 38. f4 Rh8 39. Rg3 Qd7 40. fxg5
hxg5 41. Rh3+ Kg8 42. Rxh8+ Kxh8 43. Bxg5 Qf7 44. Qh4+ Kg8 45. Bf6 Qg6 46. Bxg7
1-0

[Event "24. Acropolis 2009"]
[Site "Chalkida GRE"]
[Date "2009.08.17"]
[Round "8.18"]
[White "Chirila, Ioan-Cristian"]
[Black "Charkhalashvili, Inga"]
[Result "1-0"]
[WhiteElo "2526"]
[BlackElo "2357"]
[PlyCount "59"]
[EventDate "2009.08.10"]
[EventType "swiss"]
[EventRounds "9"]
[EventCountry "GRE"]
[Source "lmi"]
[SourceDate "2009.08.10"]

1. e4 c6 2. d4 d5 3. e5 Bf5 4. Nf3 e6 5. Be2 Ne7 6. Nbd2 c5 7. dxc5 Nec6 8. Nb3
Nd7 9. Nbd4 Bg6 10. Nxc6 bxc6 11. b4 Qb8 12. c3 Nxe5 13. Nd4 Qb7 14. f4 Nc4 15.
Bxc4 dxc4 16. Qf3 Rc8 17. f5 exf5 18. Nxf5 Bxf5 19. Qxf5 g6 20. Qe5+ Qe7 21.
Bf4 Bg7 22. Qxe7+ Kxe7 23. Bd6+ Kd7 24. O-O-O Rcg8 25. Rhe1 Kc8 26. Re7 Bxc3
27. Kc2 Bg7 28. Rc7+ Kb8 29. Rxf7+ Ka8 30. Bg3 1-0

[Event "24. Acropolis 2009"]
[Site "Chalkida GRE"]
[Date "2009.08.17"]
[Round "8.20"]
[White "Dembo, Yelena"]
[Black "Asik, Josip"]
[Result "1-0"]
[WhiteElo "2466"]
[BlackElo "2356"]
[PlyCount "81"]
[EventDate "2009.08.10"]
[EventType "swiss"]
[EventRounds "9"]
[EventCountry "GRE"]
[Source "lmi"]
[SourceDate "2009.08.10"]

1. e4 e6 2. d4 d5 3. Nd2 c5 4. Ngf3 Nc6 5. dxc5 Bxc5 6. Bd3 Nf6 7. Qe2 O-O 8.
c3 Ng4 9. O-O f5 10. exd5 exd5 11. Nb3 Bd6 12. h3 Nge5 13. Nxe5 Nxe5 14. f4 Nc6
15. Be3 Re8 16. Qf2 Na5 17. Nxa5 Qxa5 18. Bd4 Qc7 19. Rad1 b6 20. b4 a5 21.
Bxb6 Qxc3 22. bxa5 Bb4 23. Bb5 Ba6 24. Rd3 Bxb5 25. Rxc3 Bxc3 26. Rc1 Bf6 27.
Qc2 Re4 28. Qd2 d4 29. Qb4 Ba6 30. Bc7 d3 31. Qb3+ Kh8 32. Rd1 Re3 33. Qb6 Re2
34. Qc6 Ra7 35. Be5 h6 36. Qb6 Bxe5 37. Qxa7 d2 38. Qa8+ Kh7 39. Qxa6 Re1+ 40.
Qf1 Bd4+ 41. Kh2 1-0

[Event "24. Acropolis 2009"]
[Site "Chalkida GRE"]
[Date "2009.08.17"]
[Round "8.22"]
[White "Cherednichenko, Svetlana"]
[Black "Melia, Salome"]
[Result "0-1"]
[WhiteElo "2347"]
[BlackElo "2441"]
[PlyCount "66"]
[EventDate "2009.08.10"]
[EventType "swiss"]
[EventRounds "9"]
[EventCountry "GRE"]
[Source "lmi"]
[SourceDate "2009.08.10"]

1. d4 d5 2. Nf3 c5 3. e3 cxd4 4. exd4 Nc6 5. b3 Bg4 6. Bb2 e6 7. Nbd2 Bb4 8.
Be2 Bxf3 9. Bxf3 Nge7 10. a3 Ba5 11. O-O Bb6 12. c3 O-O 13. Re1 Nf5 14. g3 Re8
15. Bg2 Qd7 16. f4 e5 17. fxe5 Nxe5 18. Nf1 h5 19. h3 h4 20. g4 Ng3 21. Nxg3
hxg3 22. Kh1 Ng6 23. Qf3 Rad8 24. Rxe8+ Qxe8 25. Rf1 Bc7 26. Bc1 Nh4 27. Qe3
Qd7 28. Re1 Ng6 29. Qg5 Qb5 30. h4 Qxb3 31. h5 Nf8 32. Bf4 Ne6 33. Rxe6 Qd1+
0-1

[Event "24. Acropolis 2009"]
[Site "Chalkida GRE"]
[Date "2009.08.17"]
[Round "8.23"]
[White "Firat, Burak"]
[Black "Zygouris, Hristos"]
[Result "1-0"]
[WhiteElo "2310"]
[BlackElo "2212"]
[PlyCount "61"]
[EventDate "2009.08.10"]
[EventType "swiss"]
[EventRounds "9"]
[EventCountry "GRE"]
[Source "lmi"]
[SourceDate "2009.08.10"]

1. e4 Nf6 2. e5 Nd5 3. d4 d6 4. Nf3 dxe5 5. Nxe5 c6 6. c3 Nd7 7. Nxd7 Bxd7 8.
Bd3 g6 9. O-O Bg7 10. Re1 O-O 11. Bg5 Re8 12. Nd2 h6 13. Bh4 Qc8 14. Nc4 Be6
15. Ne5 Nf4 16. Bf1 c5 17. Qf3 g5 18. Bg3 Bd5 19. Qe3 Ne6 20. Bd3 cxd4 21. cxd4
a6 22. Bf5 Rf8 23. Rac1 Qe8 24. h4 Bf6 25. Ng4 Kg7 26. hxg5 Bxg5 27. Qe5+ f6
28. Qxd5 Bxc1 29. Qxe6 h5 30. Rxc1 hxg4 31. Rc7 1-0